[Event "Napoli Winter Cup 1st"]
[Site "Napoli"]
[Date "2017.01.26"]
[Round "2"]
[White "Seletsky, Grigory"]
[Black "Vannini, Aldo"]
[Result "1-0"]
[WhiteElo "2269"]
[BlackElo "1763"]
[PlyCount "65"]
[EventDate "2017.01.19"]
[EventType "swiss"]
[EventRounds "5"]
[EventCountry "ITA"]
[SourceTitle "EXT 2018"]
[Source "ChessBase"]
[SourceDate "2017.10.13"]
[SourceVersion "1"]
[SourceVersionDate "2017.10.13"]
[SourceQuality "1"]

1. e4 c5 2. Nf3 Nc6 3. d4 cxd4 4. Nxd4 e6 5. Nb5 d6 6. Bf4 e5 7. Be3 a6 8. N5c3 Nf6 9. Be2 Be7 10. Nd5 Nxd5 11. exd5 Nb8 12. Qd2 b5 13. 0-0 0-0 14. a4 bxa4 15. Nc3 Nd7 16. Nxa4 f5 17. f3 Bb7 18. c4 Rc8 19. Kh1 f4 20. Bg1 Rf6 21. Nc3 Rh6 22. Ne4 Nf6 23. Nxf6+ Rxf6 24. b4 Kh8 25. Rac1 Ra8 26. Rfd1 a5 27. c5 axb4 28. c6 Bc8 29. Qxb4 Ba6 30. Bxa6 Rxa6 31. Ra1 Qa8 32. Rxa6 Qxa6 33. Qb7 1-0

[Event "Napoli Trofeo Caissa 2nd"]
[Site "Napoli"]
[Date "2016.11.10"]
[Round "2"]
[White "Vannini, Aldo"]
[Black "Mocerino, Dario"]
[Result "1-0"]
[WhiteElo "1763"]
[BlackElo "1517"]
[PlyCount "41"]
[EventDate "2016.11.03"]
[EventType "swiss"]
[EventRounds "7"]
[EventCountry "ITA"]
[SourceTitle "EXT 2018"]
[Source "ChessBase"]
[SourceDate "2017.10.13"]
[SourceVersion "1"]
[SourceVersionDate "2017.10.13"]
[SourceQuality "1"]

1. e4 e5 2. Bc4 Nf6 3. d3 Bc5 4. Nf3 h6 5. 0-0 d6 6. c3 Bg4 7. Nbd2 0-0 8. Re1 Nc6 9. a4 Qd7 10. b4 Bxb4 11. cxb4 Nxb4 12. Qb3 a5 13. d4 Nc6 14. Bb2 Nh5 15. dxe5 Bh3 16. Nh4 Qg4 17. Qxh3 Qxh3 18. gxh3 dxe5 19. Ndf3 Nb4 20. Rac1 Nf4 21. Re3 1-0

[Event "Napoli Primavera al Vomero op"]
[Site "Napoli"]
[Date "2016.06.16"]
[Round "6"]
[White "Vannini, Aldo"]
[Black "Di Gennaro, Antonio"]
[Result "1-0"]
[WhiteElo "1772"]
[BlackElo "1697"]
[PlyCount "71"]
[EventDate "2016.05.05"]
[EventType "swiss"]
[EventRounds "6"]
[EventCountry "ITA"]
[SourceTitle "EXT 2018"]
[Source "ChessBase"]
[SourceDate "2017.10.13"]
[SourceVersion "1"]
[SourceVersionDate "2017.10.13"]
[SourceQuality "1"]

1. d4 d5 2. Bf4 Nf6 3. e3 c5 4. c3 Nc6 5. Nf3 Qb6 6. Qb3 c4 7. Qxb6 axb6 8. h3 Bf5 9. Na3 e6 10. Nb5 Ra5 11. Nd6+ Bxd6 12. Bxd6 Kd7 13. Bh2 Rha8 14. a3 b5 15. Nh4 b4 16. Nxf5 exf5 17. cxb4 Nxb4 18. Rc1 Nc6 19. f3 Re8 20. Kd2 b6 21. g4 fxg4 22. hxg4 b5 23. g5 Ng8 24. Bf4 h6 25. gxh6 gxh6 26. Bxh6 Nxh6 27. Rxh6 b4 28. axb4 Nxb4 29. Rb6 Na6 30. Bd3 Ke7 31. Rb7+ Kf8 32. Bf5 Nb8 33. e4 dxe4 34. fxe4 Ra4 35. Kc3 Kg7 36. e5 1-0

[Event "Napoli Primavera al Vomero op"]
[Site "Napoli"]
[Date "2016.05.19"]
[Round "3"]
[White "Somma, Erminio"]
[Black "Vannini, Aldo"]
[Result "1-0"]
[WhiteElo "1542"]
[BlackElo "1772"]
[PlyCount "89"]
[EventDate "2016.05.05"]
[EventType "swiss"]
[EventRounds "6"]
[EventCountry "ITA"]
[SourceTitle "EXT 2018"]
[Source "ChessBase"]
[SourceDate "2017.10.13"]
[SourceVersion "1"]
[SourceVersionDate "2017.10.13"]
[SourceQuality "1"]

1. d4 Nf6 2. Nf3 e6 3. Nbd2 d5 4. e3 c5 5. c3 Nc6 6. Bd3 Bd7 7. 0-0 c4 8. Bc2 Bd6 9. Re1 0-0 10. e4 dxe4 11. Nxe4 Be7 12. Ne5 Nxe5 13. Nxf6+ Bxf6 14. dxe5 Be7 15. Be4 Qc7 16. Qc2 g6 17. f4 Rad8 18. Be3 Bc5 19. Qf2 Bxe3 20. Rxe3 Bc6 21. Qe2 Bxe4 22. Rxe4 b5 23. Rd1 Rxd1+ 24. Qxd1 Rd8 25. Rd4 Qc5 26. Kh1 Rxd4 27. Qxd4 Qxd4 28. cxd4 a5 29. Kg1 Kf8 30. Kf2 Ke7 31. Ke2 Kd7 32. Ke3 Kc6 33. Ke4 b4 34. g4 c3 35. bxc3 bxc3 36. Kd3 c2 37. Kxc2 Kd5 38. Kd3 h6 39. h4 a4 40. a3 h5 41. g5 Kc6 42. Kc4 Kb6 43. Kb4 Kc6 44. Kxa4 Kd5 45. Kb5 1-0

[Event "Napoli Province-ch"]
[Site "Napoli"]
[Date "2016.04.09"]
[Round "6"]
[White "Vannini, Aldo"]
[Black "Basso, Lorenzo"]
[Result "0-1"]
[WhiteElo "1758"]
[BlackElo "1909"]
[PlyCount "92"]
[EventDate "2016.02.25"]
[EventType "swiss"]
[EventRounds "7"]
[EventCountry "ITA"]
[SourceTitle "EXT 2018"]
[Source "ChessBase"]
[SourceDate "2017.10.13"]
[SourceVersion "1"]
[SourceVersionDate "2017.10.13"]
[SourceQuality "1"]

1. e4 g6 2. d4 Bg7 3. c4 c5 4. Nf3 cxd4 5. Nxd4 Nc6 6. Nxc6 bxc6 7. Be2 Rb8 8. Qc2 d6 9. Nc3 Nf6 10. 0-0 0-0 11. Be3 Qc7 12. Rac1 Ng4 13. Bxg4 Bxg4 14. f3 Bd7 15. b3 a6 16. Qf2 f5 17. exf5 Bxf5 18. Qh4 Qa5 19. Na4 Qc7 20. Bh6 Bf6 21. Bg5 Rbe8 22. Bxf6 Rxf6 23. Nc3 Ref8 24. Rfe1 e5 25. Ne4 Bxe4 26. Rxe4 Qa5 27. Rc2 Rf4 28. Qe1 Qc5+ 29. Kf1 Rxe4 30. Qxe4 Rf4 31. Qe1 e4 32. Re2 d5 33. b4 Qxc4 34. Kg1 Qd3 35. Re3 Qc2 36. Re2 Qc4 37. Kh1 Kg7 38. Kg1 Kh6 39. h3 Qd4+ 40. Kh2 exf3 41. gxf3 Rxf3 42. Kg2 Rf4 43. Qc1 Qf6 44. Qd2 Qg5+ 45. Kh2 Re4 46. Qd3 Qe5+ 0-1

[Event "Napoli Greco Memorial"]
[Site "Napoli"]
[Date "2015.05.15"]
[Round "6"]
[White "Caiazzo, Diego"]
[Black "Vannini, Aldo"]
[Result "0-1"]
[WhiteElo "1718"]
[BlackElo "1744"]
[PlyCount "166"]
[EventDate "2015.04.09"]
[EventType "swiss"]
[EventRounds "6"]
[EventCountry "ITA"]
[SourceTitle "EXT 2017"]
[Source "ChessBase"]
[SourceDate "2016.10.25"]
[SourceVersion "1"]
[SourceVersionDate "2016.10.25"]
[SourceQuality "1"]

1. d4 d5 2. Nf3 Nf6 3. e3 Bg4 4. Be2 e6 5. 0-0 Be7 6. b3 0-0 7. Bb2 Nbd7 8. Nbd2 c6 9. c4 Qc7 10. h3 Bh5 11. Qc2 Bg6 12. Bd3 Bxd3 13. Qxd3 a5 14. c5 b6 15. cxb6 Qxb6 16. Qc2 c5 17. Rfc1 cxd4 18. Bxd4 Qa6 19. a3 Rfc8 20. Qb2 Bf8 21. Rxc8 Rxc8 22. Rc1 Rc6 23. Ne5 Nxe5 24. Bxe5 Nd7 25. Rxc6 Qxc6 26. Bc3 Bxa3 27. Qa1 Bb4 28. Bxb4 axb4 29. Qa5 Qc5 30. Nf1 Qc3 31. Qa4 Nf8 32. g3 g6 33. Kg2 h5 34. h4 Kg7 35. Nh2 Nh7 36. Nf3 e5 37. Ng1 d4 38. exd4 exd4 39. Ne2 Qc5 40. Nf4 Nf6 41. Nd3 Qf5 42. Qa6 Qd5+ 43. Kh2 Qxb3 44. Nc5 Qf3 45. Nd3 Ng4+ 46. Kg1 b3 47. Qc4 Qf6 48. Qxb3 Ne5 49. Nf4 Qc6 50. Qd1 Nf3+ 51. Kf1 Qe4 52. Nd3 Ne5 53. Nxe5 Qxe5 54. Qd3 f5 55. Qf3 Qe4 56. Qa3 d3 57. Qb2+ Kf7 58. Qa2+ Kf6 59. Qa1+ Ke6 60. Qa6+ Ke5 61. Qb5+ Kd6 62. Qa6+ Kc5 63. Qa3+ Kc4 64. Qc1+ Kd5 65. Kg1 Qe2 66. Qa1 Qc2 67. Qa8+ Kc4 68. Qa6+ Kb3 69. Qb5+ Ka2 70. Qa5+ Kb2 71. Qe5+ Kb1 72. Qb8+ Qb2 73. Qd6 d2 74. Qd3+ Kc1 75. Qe3 Qb4 76. Kh2 Qe4 77. Qc3+ Kd1 78. f3 Qe2+ 79. Kg1 Ke1 80. f4 Qf2+ 81. Kh1 Kf1 82. Qa1+ Qe1 83. Qa6+ Kf2+ 0-1

[Event "Napoli Greco Memorial"]
[Site "Napoli"]
[Date "2015.04.16"]
[Round "2"]
[White "Radice, Mario"]
[Black "Vannini, Aldo"]
[Result "1-0"]
[WhiteElo "1896"]
[BlackElo "1744"]
[PlyCount "75"]
[EventDate "2015.04.09"]
[EventType "swiss"]
[EventRounds "6"]
[EventCountry "ITA"]
[SourceTitle "EXT 2017"]
[Source "ChessBase"]
[SourceDate "2016.10.25"]
[SourceVersion "1"]
[SourceVersionDate "2016.10.25"]
[SourceQuality "1"]

1. Nf3 d5 2. g3 Nf6 3. Bg2 g6 4. c4 Bg7 5. 0-0 c6 6. Na3 0-0 7. d3 Re8 8. b4 dxc4 9. Nxc4 Nd5 10. Bb2 Bxb2 11. Nxb2 Nxb4 12. Qd2 Nd5 13. Nc4 f6 14. d4 Nd7 15. Qh6 Nf8 16. Rad1 Be6 17. Rd2 Qc7 18. e4 Nb6 19. Ne3 Nc4 20. Nxc4 Bxc4 21. Rc1 Bf7 22. d5 c5 23. Nd4 Qa5 24. Nb3 Qa3 25. Rxc5 Rac8 26. Qe3 Nd7 27. Rxc8 Rxc8 28. Bh3 Rd8 29. Rc2 Qd6 30. Qxa7 Qb4 31. Qd4 Qe1+ 32. Kg2 Ne5 33. f4 Nd7 34. Bg4 Nf8 35. Rc1 Qxe4+ 36. Qxe4 Bxd5 37. Qxd5+ Rxd5 38. Rc7 1-0

[Event "Napoli Parthenope op 6th"]
[Site "Napoli"]
[Date "2014.06.17"]
[Round "5"]
[White "Vannini, Aldo"]
[Black "Baccelliere, Antonio"]
[Result "1/2-1/2"]
[WhiteElo "1775"]
[BlackElo "1700"]
[PlyCount "66"]
[EventDate "2014.06.01"]
[EventType "swiss"]
[EventRounds "7"]
[EventCountry "ITA"]
[SourceTitle "EXT 2018"]
[Source "ChessBase"]
[SourceDate "2017.10.13"]
[SourceVersion "1"]
[SourceVersionDate "2017.10.13"]
[SourceQuality "1"]

1. e4 e5 2. Nf3 Nc6 3. Bc4 Bc5 4. 0-0 Nf6 5. d3 d6 6. Bg5 Bg4 7. c3 0-0 8. a4 h6 9. Bxf6 Qxf6 10. b4 Bxb4 11. cxb4 Nd4 12. Nbd2 Qg6 13. Kh1 Kh8 14. Nb3 f5 15. Nbxd4 exd4 16. Rg1 fxe4 17. dxe4 Qxe4 18. Bd3 Qd5 19. Be2 c5 20. Ra3 Rae8 21. Rd3 Rf4 22. Re1 Rfe4 23. Ng1 c4 24. Rd2 d3 25. f3 dxe2 26. Qc2 Rd4 27. Rxd4 Qxd4 28. fxg4 Qd3 29. Rxe2 Rxe2 30. Qxe2 Qb3 31. h4 c3 32. g5 hxg5 33. hxg5 g6 1/2-1/2

[Event "Napoli Antica Scuola 2nd"]
[Site "Napoli"]
[Date "2014.04.10"]
[Round "6"]
[White "Russo Spena, Vincenzo"]
[Black "Vannini, Aldo"]
[Result "0-1"]
[WhiteElo "1493"]
[BlackElo "1775"]
[PlyCount "82"]
[EventDate "2014.03.06"]
[EventType "swiss"]
[EventRounds "7"]
[EventCountry "ITA"]
[SourceTitle "EXT 2015"]
[Source "ChessBase"]
[SourceDate "2014.11.20"]
[SourceVersion "1"]
[SourceVersionDate "2014.11.20"]
[SourceQuality "1"]

1. c4 e5 2. e4 Bc5 3. Nc3 Nf6 4. Be2 d6 5. d3 c6 6. Nf3 0-0 7. 0-0 a5 8. a4 h6 9. Bd2 Be6 10. Kh1 Qb6 11. Qc1 Kh7 12. Rb1 Ng4 13. Nd1 Na6 14. Be3 Nxe3 15. Nxe3 Nb4 16. Ra1 f5 17. exf5 Bxe3 18. fxe3 Bxf5 19. e4 Bg4 20. Qd1 Rf6 21. Nh4 Bxe2 22. Qxe2 Raf8 23. Rxf6 Rxf6 24. Rf1 Qd8 25. Nf3 Qf8 26. Kg1 g5 27. g4 Kg7 28. d4 Rf4 29. h3 Na6 30. dxe5 dxe5 31. Nxe5 Qc5+ 32. Kg2 Qxe5 33. Re1 Nc5 34. Qd2 Rxe4 35. Rxe4 Qxe4+ 36. Kg1 Qe5 37. b4 Qg3+ 38. Kf1 Qxh3+ 39. Ke2 Qg2+ 40. Ke3 Qxd2+ 41. Kxd2 axb4 0-1

[Event "Parthenope op 5th"]
[Site "Napoli"]
[Date "2013.05.23"]
[Round "3"]
[White "Gallo, Thomas Renato"]
[Black "Vannini, Aldo"]
[Result "0-1"]
[WhiteElo "1914"]
[BlackElo "1767"]
[PlyCount "106"]
[EventDate "2013.05.09"]
[EventType "swiss"]
[EventRounds "7"]
[EventCountry "ITA"]
[SourceTitle "EXT 2014"]
[Source "ChessBase"]
[SourceDate "2013.11.20"]
[SourceVersion "1"]
[SourceVersionDate "2013.11.20"]
[SourceQuality "1"]

1. d4 d5 2. c4 e6 3. Nc3 a6 4. e4 dxe4 5. Nxe4 Bb4+ 6. Bd2 Qxd4 7. Qc2 Bxd2+ 8. Nxd2 Nf6 9. Ngf3 Qg4 10. h3 Qf4 11. Be2 0-0 12. 0-0 Nc6 13. a3 b6 14. Rad1 Bb7 15. b4 Rfd8 16. Nb3 Rxd1 17. Rxd1 Rd8 18. Rxd8+ Nxd8 19. c5 Bd5 20. cxb6 cxb6 21. Qc8 Qd6 22. Nbd4 Bb7 23. Qc2 g6 24. Qc1 Kg7 25. Qf1 a5 26. bxa5 bxa5 27. Nb5 Qc5 28. a4 Bd5 29. Qd1 Nc6 30. Qa1 Qc2 31. Bd1 Qa2 32. Qc3 Qc4 33. Qxc4 Bxc4 34. Nd2 Bd5 35. Nc7 Ne4 36. Nxd5 exd5 37. Nxe4 dxe4 38. Be2 f5 39. Bb5 Nd4 40. Bc4 Kf6 41. Kf1 g5 42. Ke1 Ke5 43. Kd2 Ne6 44. Kc3 Nc5 45. Bb5 f4 46. Bc6 e3 47. fxe3 fxe3 48. Kc2 Kd4 49. Kd1 Ne4 50. Bxe4 Kxe4 51. Ke2 h5 52. Ke1 Kd3 53. Kd1 h4 0-1

[Event "Parthenope op 5th"]
[Site "Napoli"]
[Date "2013.05.16"]
[Round "2"]
[White "Vannini, Aldo"]
[Black "Buiano, Fabio"]
[Result "0-1"]
[WhiteElo "1767"]
[BlackElo "2053"]
[PlyCount "62"]
[EventDate "2013.05.09"]
[EventType "swiss"]
[EventRounds "7"]
[EventCountry "ITA"]
[SourceTitle "EXT 2014"]
[Source "ChessBase"]
[SourceDate "2013.11.20"]
[SourceVersion "1"]
[SourceVersionDate "2013.11.20"]
[SourceQuality "1"]

1. d4 Nf6 2. c4 e6 3. Nc3 Bb4 4. a3 Bxc3+ 5. bxc3 b6 6. Nf3 Ba6 7. e3 Nc6 8. Bd3 Na5 9. Qe2 c5 10. 0-0 Qc8 11. Nd2 d6 12. Re1 0-0 13. e4 e5 14. d5 g6 15. Rb1 Nh5 16. Nf3 Qd7 17. Bh6 Rfe8 18. g3 Re7 19. Nd2 Rae8 20. Qf3 Bc8 21. Bf1 Rd8 22. h3 Ng7 23. Bg5 Rf8 24. Bxe7 Qxe7 25. g4 h5 26. Qg3 hxg4 27. hxg4 Qg5 28. Be2 Qxd2 29. Kg2 Qf4 30. Qh3 f6 31. Bf3 Nxc4 0-1

[Event "Napoli Porreca Memorial 2nd"]
[Site "Napoli"]
[Date "2012.10.04"]
[Round "3"]
[White "Caiazzo, Diego"]
[Black "Vannini, Aldo"]
[Result "1/2-1/2"]
[WhiteElo "1845"]
[BlackElo "1778"]
[PlyCount "165"]
[EventDate "2012.09.20"]
[EventType "swiss"]
[EventRounds "7"]
[EventCountry "ITA"]
[SourceTitle "EXT 2014"]
[Source "ChessBase"]
[SourceDate "2013.11.20"]
[SourceVersion "1"]
[SourceVersionDate "2013.11.20"]
[SourceQuality "1"]

1. e4 c5 2. Nf3 d6 3. g3 Nc6 4. Bg2 Nf6 5. d3 g6 6. 0-0 Bg7 7. Nc3 0-0 8. Bg5 Bg4 9. Qd2 Qa5 10. Nd5 Qxd2 11. Nxf6+ Bxf6 12. Bxd2 Rab8 13. Bc3 Bxc3 14. bxc3 b5 15. Rfb1 a5 16. Nd2 b4 17. cxb4 axb4 18. Nb3 e5 19. a4 bxa3 20. Rxa3 Nb4 21. Rc1 Be6 22. Nd2 Ra8 23. Rxa8 Rxa8 24. Nc4 Bxc4 25. dxc4 Kf8 26. Bf1 Ke7 27. f4 Ra3 28. c3 Nc6 29. Rb1 Ra7 30. f5 g5 31. Be2 f6 32. h4 h6 33. hxg5 hxg5 34. Rb6 Kd7 35. Rb3 Kc7 36. Kf2 Ra4 37. Rb1 Na5 38. Rh1 Nxc4 39. Rh6 Ra2 40. Rxf6 Nd2 41. Rf7+ Kd8 42. Ke3 Nxe4 43. Bc4 Ra4 44. Bb5 Ra5 45. c4 Nxg3 46. f6 Ra3+ 47. Kf2 Ne4+ 48. Ke2 g4 49. Rf8+ Kc7 50. f7 Rf3 51. Be8 Ng5 52. Rg8 Ne6 53. Rxg4 Rf6 54. Ke3 Kd8 55. Rg8 Ke7 56. Rh8 Nd8 57. Rh7 Nxf7 58. Bc6 Kf8 59. Bd5 Kg8 60. Rh1 Kg7 61. Rg1+ Kf8 62. Ra1 Nh6 63. Ra7 Ng4+ 64. Ke2 Nf2 65. Rh7 Ng4 66. Ra7 Nh6 67. Rb7 Nf5 68. Rb8+ Kg7 69. Rg8+ Kh6 70. Rg1 Nd4+ 71. Kd3 Ne6 72. Ke3 Nf4 73. Be4 Ng6 74. Rh1+ Kg7 75. Rg1 Kf7 76. Bd5+ Ke7 77. Rh1 Nf4 78. Rh7+ Kd8 79. Bb7 Ne6 80. Bd5 Nc7 81. Rh8+ Ke7 82. Rh7+ Kd8 83. Rh8+ 1/2-1/2

[Event "Napoli Sociale-ch"]
[Site "Napoli"]
[Date "2012.06.12"]
[Round "3"]
[White "De Vero, Vincenzo"]
[Black "Vannini, Aldo"]
[Result "0-1"]
[WhiteElo "1440"]
[BlackElo "1798"]
[PlyCount "60"]
[EventDate "2012.05.31"]
[EventType "swiss"]
[EventRounds "7"]
[EventCountry "ITA"]
[SourceTitle "EXT 2018"]
[Source "ChessBase"]
[SourceDate "2017.10.13"]
[SourceVersion "1"]
[SourceVersionDate "2017.10.13"]
[SourceQuality "1"]

1. e4 e6 2. Nc3 d5 3. exd5 exd5 4. d4 c6 5. Bf4 Nf6 6. Bg5 Bd6 7. Bd3 Nbd7 8. Nge2 Qc7 9. a4 a5 10. Qd2 h6 11. Bf4 0-0 12. Be5 Nxe5 13. dxe5 Bxe5 14. f4 Bd6 15. 0-0-0 Re8 16. g3 Bh3 17. Ng1 Bg4 18. Nce2 Qb6 19. Kb1 Bc5 20. c3 Ne4 21. Bxe4 Rxe4 22. h3 Bf5 23. g4 Rxe2+ 24. Ka1 Rxd2 25. Rxd2 Be4 26. Nf3 Bxf3 27. Rhh2 Re8 28. g5 Qb3 29. gxh6 Re1+ 30. Rd1 Rxd1# 0-1

[Event "Napoli Sociale-ch"]
[Site "Napoli"]
[Date "2012.05.31"]
[Round "1"]
[White "Taurisano, Vincenzo"]
[Black "Vannini, Aldo"]
[Result "1-0"]
[WhiteElo "1865"]
[BlackElo "1798"]
[PlyCount "89"]
[EventDate "2012.05.31"]
[EventType "swiss"]
[EventRounds "7"]
[EventCountry "ITA"]
[SourceTitle "EXT 2018"]
[Source "ChessBase"]
[SourceDate "2017.10.13"]
[SourceVersion "1"]
[SourceVersionDate "2017.10.13"]
[SourceQuality "1"]

1. e4 e6 2. d4 d5 3. Nc3 Bb4 4. a3 Bxc3+ 5. bxc3 Ne7 6. e5 c5 7. Rb1 Qc7 8. f4 cxd4 9. cxd4 b6 10. Nf3 Ba6 11. Bxa6 Nxa6 12. Bd2 Rc8 13. c3 Qc4 14. Qe2 Qxe2+ 15. Kxe2 0-0 16. a4 Nc6 17. g4 Na5 18. f5 Rc4 19. f6 Rxa4 20. Ra1 Rc4 21. h4 Rfc8 22. Ra3 Nc7 23. Rb1 Ne8 24. g5 R4c7 25. Rba1 Rc4 26. h5 Nc7 27. Rb1 Rc6 28. g6 h6 29. gxf7+ Kxf7 30. fxg7 Kxg7 31. Rg1+ Kh7 32. Rg6 Nb5 33. Rxh6+ Kg8 34. Ra1 R8c7 35. Rg1+ Rg7 36. Rxg7+ Kxg7 37. Rg6+ Kh8 38. Ng5 Nxc3+ 39. Bxc3 Rxc3 40. Nxe6 Rh3 41. h6 Rh2+ 42. Kf3 Nc6 43. Kg3 Rh1 44. Ng5 Ne7 45. Nf7+ 1-0

[Event "Napoli Province-ch 2012"]
[Site "Napoli"]
[Date "2012.01.19"]
[Round "5"]
[White "Esposito, Rosario"]
[Black "Vannini, Aldo"]
[Result "1/2-1/2"]
[WhiteElo "1859"]
[BlackElo "1792"]
[PlyCount "25"]
[EventDate "2011.12.15"]
[EventType "swiss"]
[EventRounds "7"]
[EventCountry "ITA"]
[SourceTitle "EXT 2018"]
[Source "ChessBase"]
[SourceDate "2017.10.13"]
[SourceVersion "1"]
[SourceVersionDate "2017.10.13"]
[SourceQuality "1"]

1. d4 e6 2. c4 d5 3. Nc3 a6 4. Nf3 dxc4 5. a4 Bb4 6. e4 c5 7. Bxc4 cxd4 8. Qxd4 Qxd4 9. Nxd4 Nf6 10. Bd3 Bd7 11. Bd2 Nc6 12. Nc2 Bc5 13. Be3 1/2-1/2

[Event "Napoli Province-ch 2012"]
[Site "Napoli"]
[Date "2012.01.05"]
[Round "3"]
[White "Buiano, Fabio"]
[Black "Vannini, Aldo"]
[Result "1-0"]
[WhiteElo "2036"]
[BlackElo "1792"]
[PlyCount "21"]
[EventDate "2011.12.15"]
[EventType "swiss"]
[EventRounds "7"]
[EventCountry "ITA"]
[SourceTitle "EXT 2018"]
[Source "ChessBase"]
[SourceDate "2017.10.13"]
[SourceVersion "1"]
[SourceVersionDate "2017.10.13"]
[SourceQuality "1"]

1. e4 e6 2. d4 d5 3. Nc3 Bb4 4. e5 Ne7 5. Bd2 c5 6. Nb5 Nf5 7. c3 Ba5 8. dxc5 a6 9. Nd6+ Nxd6 10. exd6 d4 11. b4 1-0

[Event "Napoli Vomero Inverno op 6th"]
[Site "Napoli"]
[Date "2011.01.28"]
[Round "3"]
[White "Cosenza, Gianni"]
[Black "Vannini, Aldo"]
[Result "1-0"]
[WhiteElo "1959"]
[BlackElo "1808"]
[PlyCount "43"]
[EventDate "2011.01.14"]
[EventType "swiss"]
[EventRounds "7"]
[EventCountry "ITA"]
[SourceTitle "EXT 2012"]
[Source "ChessBase"]
[SourceDate "2011.11.24"]
[SourceVersion "1"]
[SourceVersionDate "2011.11.24"]
[SourceQuality "1"]

1. e4 d6 2. d4 Nf6 3. Nc3 Nbd7 4. f3 e5 5. Be3 a6 6. g4 h6 7. Qd2 Be7 8. Nge2 b5 9. Ng3 exd4 10. Bxd4 Ne5 11. Be2 c5 12. Be3 Nh7 13. 0-0-0 Nc4 14. Bxc4 bxc4 15. Nd5 Be6 16. Nxe7 Kxe7 17. Nf5+ Bxf5 18. gxf5 Rb8 19. Qc3 Qb6 20. e5 Rhd8 21. exd6+ Rxd6 22. Qe5+ 1-0

[Event "Napoli Vomero Christmas 6th"]
[Site "Napoli"]
[Date "2010.11.19"]
[Round "3"]
[White "De Rosa, Francesco"]
[Black "Vannini, Aldo"]
[Result "1-0"]
[WhiteElo "1980"]
[BlackElo "1802"]
[PlyCount "139"]
[EventDate "2010.11.05"]
[EventType "swiss"]
[EventRounds "6"]
[EventCountry "ITA"]
[SourceTitle "EXT 2024"]
[Source "ChessBase"]
[SourceDate "2023.10.10"]
[SourceVersion "1"]
[SourceVersionDate "2023.10.10"]
[SourceQuality "1"]

1. e4 e6 2. d3 d5 3. Nd2 Nf6 4. Ngf3 Nc6 5. e5 Nd7 6. d4 Ne7 7. Nb3 Ng6 8. Bg5 Be7 9. Bxe7 Qxe7 10. h4 c5 11. h5 Ngf8 12. c3 h6 13. Qd2 Nh7 14. Be2 c4 15. Nc1 b5 16. a4 bxa4 17. Rxa4 a5 18. b4 Nb6 19. Rxa5 Rxa5 20. bxa5 Na4 21. Bd1 Qa3 22. Bxa4+ Qxa4 23. Qa2 Bd7 24. 0-0 0-0 25. Qxa4 Bxa4 26. Na2 Ra8 27. Rb1 Rxa5 28. Rb8+ Nf8 29. Nb4 Ra7 30. Nh4 Re7 31. f4 Bd1 32. Nf3 Bxf3 33. gxf3 g6 34. hxg6 fxg6 35. Kg2 Rc7 36. Na6 Ra7 37. Nc5 Kf7 38. Nb7 Ra3 39. Nd6+ Kg8 40. Ne8 Ra7 41. Nf6+ Kf7 42. Rd8 Re7 43. Kg3 Ra7 44. Ne8 Ke7 45. Rc8 Rd7 46. Nd6 Rd8 47. Rxd8 Kxd8 48. Nf7+ Ke7 49. Nxh6 Nh7 50. Ng4 Kf7 51. Ne3 Nf8 52. Kg4 Nd7 53. Kg5 Nb6 54. Kh6 Na4 55. Nd1 Nb6 56. Nb2 Nd7 57. Na4 Nb8 58. Nb6 Nc6 59. Na4 Ne7 60. Kh7 Nf5 61. Nc5 Ne3 62. Nb7 Nd1 63. Nd6+ Ke7 64. Nb5 Kf7 65. Kh6 Ne3 66. Nd6+ Ke7 67. Kxg6 Kd7 68. Kf7 Ng2 69. f5 exf5 70. e6+ 1-0

[Event "Napoli Vomero Winter 5th"]
[Site "Napoli"]
[Date "2010.02.11"]
[Round "5"]
[White "De Rosa, Mariagrazia"]
[Black "Vannini, Aldo"]
[Result "1-0"]
[WhiteElo "2089"]
[BlackElo "1818"]
[PlyCount "65"]
[EventDate "2010.01.14"]
[EventType "swiss"]
[EventRounds "7"]
[EventCountry "ITA"]
[SourceTitle "EXT 2024"]
[Source "ChessBase"]
[SourceDate "2023.10.10"]
[SourceVersion "1"]
[SourceVersionDate "2023.10.10"]
[SourceQuality "1"]

1. e4 e6 2. d4 d5 3. e5 c5 4. c3 Nc6 5. Nf3 Qb6 6. a3 Bd7 7. b4 cxd4 8. cxd4 Rc8 9. Be3 Nb8 10. Bd3 Ne7 11. 0-0 Bb5 12. Ne1 Ng6 13. Nd2 Be7 14. Qe2 Bxd3 15. Nxd3 0-0 16. Nc5 Bxc5 17. bxc5 Qc6 18. Qg4 f5 19. exf6 Rxf6 20. Nf3 Qe8 21. Rab1 Rc7 22. Rfe1 Nc6 23. h4 Nf8 24. Bg5 Qg6 25. Qg3 Rff7 26. Rb2 h6 27. Bf4 Qxg3 28. Bxg3 Rcd7 29. Bd6 Ng6 30. Rxe6 Nf4 31. Re8+ Kh7 32. Ne5 Nxe5 33. dxe5 1-0

[Event "Napoli Vomero Winter 5th"]
[Site "Napoli"]
[Date "2010.01.28"]
[Round "3"]
[White "Irtuso, Emanuele"]
[Black "Vannini, Aldo"]
[Result "0-1"]
[WhiteElo "1744"]
[BlackElo "1818"]
[PlyCount "78"]
[EventDate "2010.01.14"]
[EventType "swiss"]
[EventRounds "7"]
[EventCountry "ITA"]
[SourceTitle "EXT 2024"]
[Source "ChessBase"]
[SourceDate "2023.10.10"]
[SourceVersion "1"]
[SourceVersionDate "2023.10.10"]
[SourceQuality "1"]

1. e4 e6 2. d4 d5 3. Nd2 Nf6 4. e5 Nfd7 5. Ngf3 c5 6. c3 a6 7. Be2 Nc6 8. 0-0 Be7 9. Re1 b5 10. Nb3 Bb7 11. Be3 cxd4 12. cxd4 Rc8 13. a3 Na5 14. Nxa5 Qxa5 15. b4 Qd8 16. Qd2 Nb6 17. Rac1 Nc4 18. Bxc4 dxc4 19. Bg5 h6 20. Bxe7 Qxe7 21. Re3 Rd8 22. Qc3 0-0 23. g3 Bxf3 24. Rxf3 Rd5 25. Re1 f5 26. exf6 Rxf6 27. Rxf6 gxf6 28. Qe3 Kg7 29. Qe4 Rd6 30. f4 Qd7 31. Rd1 Qc6 32. Qe3 Qd5 33. Kf2 Rc6 34. Qf3 c3 35. Qxd5 exd5 36. Rc1 c2 37. Ke2 Kg6 38. Kd2 Kf5 39. Kd3 Kg4 0-1

[Event "Napoli Vomero Natale op 5th"]
[Site "Napoli"]
[Date "2009.11.05"]
[Round "1"]
[White "Vannini, Aldo"]
[Black "Seletsky, Grigory"]
[Result "0-1"]
[WhiteElo "1828"]
[BlackElo "2345"]
[PlyCount "98"]
[EventDate "2009.11.05"]
[EventType "swiss"]
[EventRounds "7"]
[EventCountry "ITA"]
[SourceTitle "EXT 2012"]
[Source "ChessBase"]
[SourceDate "2011.11.24"]
[SourceVersion "1"]
[SourceVersionDate "2011.11.24"]
[SourceQuality "1"]

1. d4 Nf6 2. Nf3 g6 3. e3 Bg7 4. Be2 0-0 5. 0-0 d6 6. c4 Nbd7 7. Nc3 e5 8. dxe5 dxe5 9. e4 c6 10. Bg5 a5 11. h3 Re8 12. Qc2 Nc5 13. Rad1 Qc7 14. Rd2 a4 15. Rfd1 Nfd7 16. Nh2 Ne6 17. Be3 Ndc5 18. Bf1 Nd4 19. Qb1 Qa5 20. Ne2 Nce6 21. Rd3 Qb4 22. Qc1 Nc5 23. R3d2 Nxe2+ 24. Bxe2 Nxe4 25. Rd8 Be6 26. Rxe8+ Rxe8 27. Nf3 f5 28. a3 Qb3 29. Nd2 Nxd2 30. Rxd2 e4 31. c5 Be5 32. Bd1 Qb5 33. Be2 Qb3 34. Rc2 Rd8 35. Bd1 Bd5 36. Rd2 Qb5 37. Be2 Qa5 38. Bg5 Rd7 39. Be3 Qd8 40. Bc4 Bxc4 41. Qxc4+ Kg7 42. Qe6 Rxd2 43. Qxe5+ Kf7 44. Bh6 Rd1+ 45. Kh2 Rd7 46. Kg3 Qc7 47. Qxc7 Rxc7 48. Bf4 Rd7 49. Be3 Kf6 0-1